| 000 | 00655nam a2200241Ia 4500 | ||
|---|---|---|---|
| 003 | OSt | ||
| 005 | 20220926011158.0 | ||
| 006 | a|||||r|||| 00| 0 | ||
| 007 | ta | ||
| 008 | 220923b |||||||| |||| 00| 0 eng d | ||
| 037 | _cGeneral Book | ||
| 040 |
_aRTL _cRTL _beng |
||
| 041 |
_2eng _aeng |
||
| 082 | _aX:8C, N7 | ||
| 100 |
_aScott William R _9313681 |
||
| 245 | 0 | _aFinancial accounting theory | |
| 260 |
_aNew Jersey _bPrentice-Hall _c1997 |
||
| 300 |
_axi, 418p. _ccm. |
||
| 500 | _aBibliography: P 399-410 | ||
| 650 | _aFinancial Accounts | ||
| 942 |
_hX:8C, N7 _cGB _2CC |
||
| 999 |
_c619297 _d619297 |
||